000 00683nam a22002417a 4500
008 130505b xxu||||| |||| 00| 0 eng d
024 _cAvailable
037 _cAvailable
040 _aMBSTU LIBRARY
_dMBSTU LIBRARY
082 _222
_a347.06HUL
100 _aHaq, Zahirul.
245 _aLaw on evidence: with up to date amendments and case law.
250 _a2nd
260 _aDhaka
_bBangladesh Law Book Company.
_c2002
300 _a22 cm.
_b359 page
_f3
_g22 cm.
600 _aEvidence.
650 _2Evidence.
700 _aHaq, Zahirul.
270 _aDhaka
_bDhaka
_dBangladesh
365 _b250.00
_d250.00
942 _2ddc
_cBK
999 _c297
_d297